| 000 | 00398 a2200121 4500 | ||
|---|---|---|---|
| 001 | ART_45881 | ||
| 005 | 20260410162040.0 | ||
| 008 | 260409a | ||
| 245 | 1 | 0 | _aResponsabilidad penal de las personas jurídicas, elcompliance y la delegación reglamentaria |
| 100 | 1 | _aFerraro, Ricardo H. | |
| 700 | 1 | _aSantacruz, Lidia M. | |
| 773 | 0 |
_tImpuestos _g- N°27 (mayo 2018) _wREV45175 |
|
| 999 |
_c34850 _d34850 |
||